Countries in Russian Quiz Stats

 Plays Quiz not verified by Sporcle

Score 0/21 Timer 05:00
0 Plays Today
Russian name Country % Correct
Польша (Pol'sha)Poland
94.8%
Испания (Ispaniya)Spain
92.8%
Новая Зеландия (Novaya Zelandiya)New Zealand
92.1%
Дания (Daniya)Denmark
82.4%
Великобритания (Velikobritaniya)United Kingdom
82.3%
Япония (Yaponiya)Japan
82.3%
Иордания (Iordaniya)Jordan
81.7%
Чехия (Chekhiya)Czech Republic
81.5%
Греция (Gretsiya)Greece
80.3%
Литва (Litva)Lithuania
79.8%
Киргизия (Kirgiziya)Kyrgyzstan
78.3%
Russian name Country % Correct
Алжир (Alzhir)Algeria
73.6%
Коморы (Komory)Comoros
60.7%
Швеция (Shvetsiya)Sweden
59.7%
Швейцария (Shveytsariya)Switzerland
57.3%
Китай (Kitay)China
48.3%
Кипр (Kipr)Cyprus
47.7%
Венгрия (Vengriya)Hungary
46.3%
Хорватия (Khorvatiya)Croatia
46.1%
Грузия (Gruziya)Georgia
39.8%
Черногория (Chernogoriya)Montenegro
28.7%

You're not logged in!

Compare scores with friends on all Sporcle quizzes.
OR
Log In

Show Comments

Extras

Created Jul 23, 2010SourceReportNominate
Tags:Country Quiz, here, name, Russia

Top Quizzes Today


Score Distribution

Your Account Isn't Verified!

In order to create a playlist on Sporcle, you need to verify the email address you used during registration. Go to your Sporcle Settings to finish the process.

Report this User

Report this user for behavior that violates our Community Guidelines.

Details: